Riconosci la Squadra di calcio - Quiz n°342 - Statistics

Statistiche generali
  • Questo quiz è stato fatto 8 volte
  • Il punteggio medio è 7 su 9
Statistiche sulle risposte
Indizio Risposta % Corretto
Titoli nazionali 0
100%
Trofei nazionali 0
100%
Colori sociali Bianco, rosso
100%
Divisione nazionale 2023-2024 Seconda
100%
Confederazione UEFA
83%
Trofei internazionali 0
67%
Fondazione 1974
50%
Capienza Stadio 5 539 posti
50%
Squadra Südtirol
0%
Nessun quiz corrispondente trovato
Distribuzione punteggi
Percentuale di utenti per punteggio
Percentile per numero di risposta
I tuoi punteggi nel tempo
Non hai fatto questo quiz